Colours - Statistics

General Stats
  • This quiz has been taken 537 times
  • The average score is 13 of 15
Answer Stats
Hint Answer % Correct
the sea is this colour blue
100%
the sun is this colour yellow
100%
a bear is this colour brown
98%
this is the colour of grass green
98%
people are supersitious of ...cats black
97%
clouds are ... white
97%
is the colour of fire orange
96%
rosy... red
96%
pretty in... pink
95%
jewelry is made with this gold
92%
is shiny silver
92%
simular to purple violet
75%
when your ill you feel... grey
68%
this colour is for lent purple
66%
statues are normally made with this bronze
53%
No matching quizzes found
Score Distribution
Percent of People with Each Score
Percentile by Number Answered
Your Score History
You have not taken this quiz